ZEYREK CİNAYETİ 2 (Record no. 812132)

MARC details
000 -LEADER
sabit uzunluktaki kontrol alanı 00240nam a2200097Ia 4500
001 - KONTROL NUMARASI
kontrol alanı 812132
005 - EN SON İŞLEMİN TARİH VE ZAMANI
kontrol alanı 20250826171554.0
008 - SABİT-UZUNLUKTA VERİ ÖĞELERİ--GENEL BİLGİ
sabit uzunluktaki kontrol alanı 250824s9999 xx 000 0 und d
245 #0 - ESER / YAZAR
ESER ADI ZEYREK CİNAYETİ 2
Yazar Adı PEYAMİ SAFA
260 ## - YAYIN, DAĞITIM, VB.
YAYIN EVİ DAMLA YAYINLARI
Holdings
Düşüm durumu Kayıp durumu Sınıflandırma Kaynağı veya raf şeması Hasar Durumu Ödünç verilmez Ana kütüphane Geçerli Kütüphane Edinilen tarih Toplam ödünç verme sayısı Tam yer numarası Barkod Son görüntüleme tarihi Fiyatın geçerli olmaya başladığı tarih Koha materyal türü
    Dewey Ondalık Sınıflama     SELÇUKLU BELEDİYESİ ORTAOKULU SELÇUKLU BELEDİYESİ ORTAOKULU 24.08.2025   V2 (PEYAMİ SAFA) 10586560 26.08.2025 26.08.2025 Books